10 größte Fußball Stadien in Bremen - Statistiken

Allgemein
  • Dieses Quiz wurde 25 mal gespielt
  • Das Durchschnittsergebnis liegt bei 4 aus 10
Antwortstatistiken
Kapazität Verein Stadion % Korrekt
42.100 Werder Bremen Weserstadion
100%
5500 Werder Bremen II Weserstadion Platz 1
100%
5000 Bremer SV Stadion am Panzenberg
48%
10.000 OSC Bremerhaven Nordsee-Stadion
43%
5000 Blumenthaler SV Burgwall-Stadion
24%
4999 FC Oberneuland Marko-Mock-Arena
19%
3000 SG Aumund-Vegesack Vegesack-Stadion
14%
4000 TuRa Bremen Bezirkssportanlage Gröpelingen
10%
3000 Bremerhaven 93 Zollinlandstadion
10%
4000 SV Hemlingen Bezirkssportanlage Hemlingen
5%
Keine übereinstimmenden Quizze gefunden
Verteilung der Resultate
Anzahl Personen mit jedem Resultat
Perzentil nach korrekt beantworteten Fragen
Ihre Resultats-Entwicklung
Sie haben dieses Quiz noch nicht gespielt